| 000 | 00257nam a22000857a 4500 | ||
|---|---|---|---|
| 999 |
_c24012 _d24012 |
||
| 003 | Nust | ||
| 005 | 20170412130639.0 | ||
| 008 | 140502b xxu||||| |||| 00| 0 eng d | ||
| 020 |
_cAvailable _a8177583565 |
||
| 040 |
_aDLC _bDLC _cRCMS |
||
| 082 |
_2 3rd, ed. _a519.2 STA |
||
| 100 | _aStark Henry | ||
| 245 | _aProbability and Random Processes with Applications to Signal Processing | ||
| 260 |
_aIndia _bPearson Education _cc2002 |
||
| 538 | _iShelf # 15, Row # 3, Communication. | ||
| 650 | _aTechnology & Engineering | ||
| 856 | _3Table of Content Only | ||
| 942 |
_2ddc _cBK |
||